<The> Adoption of information technology in marketing

Implementácia informačnej a komunikačnej technológie v marketingu. Ciele a metódy, vplyv na marketingové aktivity. Súčasná prax informačných technológií (IT) v marketingu. Budúcnosť informačných technológií v marketingu. Vplyv a účinky informačných technológií. Bariéry IT v marketingu. Význam vplyvu...

Full description

Saved in:
Bibliographic Details
Main Author: Lesáková, Dagmar, 1949-
Format: Book Chapter
Language:English
Subjects:
Tags: Add Tag
No Tags, Be the first to tag this record!

MARC

LEADER 00000nla$a2200000$$$4500
001 0051028
005 20240502083135.2
041 0 |a eng 
044 |a CZ 
245 1 0 |a <The> Adoption of information technology in marketing  |c Dagmar Lesáková 
520 |a Implementácia informačnej a komunikačnej technológie v marketingu. Ciele a metódy, vplyv na marketingové aktivity. Súčasná prax informačných technológií (IT) v marketingu. Budúcnosť informačných technológií v marketingu. Vplyv a účinky informačných technológií. Bariéry IT v marketingu. Význam vplyvu informačných technológií na zmeny v marketingu. 
610 2 0 |a technológie informačné 
610 2 0 |a technológie komunikačné 
610 2 0 |a marketing 
610 2 0 |a zákazníci 
610 2 0 |a báza dát 
100 1 |a Lesáková, Dagmar, 1949-